Renewable energy technologies : potential for Africa : (Record no. 160533)

MARC details
000 -LEADER
fixed length control field 00886nam a2200205 a 4500
008 - FIXED-LENGTH DATA ELEMENTS--GENERAL INFORMATION
fixed length control field
049 ## - LOCAL HOLDINGS (OCLC)
Holding library MAIN
090 ## - LOCALLY ASSIGNED LC-TYPE CALL NUMBER (OCLC); LOCAL CALL NUMBER (RLIN)
Classification number (OCLC) (R) ; Classification number, CALL (RLIN) (NR) TJ808
Local cutter number (OCLC) ; Book number/undivided call number, CALL (RLIN) REN
003 - CONTROL NUMBER IDENTIFIER
control field
005 - DATE AND TIME OF LATEST TRANSACTION
control field 20230123134128.0
040 ## - CATALOGING SOURCE
Transcribing agency NUST
245 #0 - TITLE STATEMENT
Title Renewable energy technologies : potential for Africa :
Remainder of title proceedings from the Twenty-first Session of the Governing Council of UNEP/Second Ministerial Environment Forum Dialoguein the Field, held at Naivasha, Kenya, February 10, 2001/
Statement of responsibility, etc. United Nations Environment Programme (UNEP)
260 ## - PUBLICATION, DISTRIBUTION, ETC.
Place of publication, distribution, etc. Nairobi :
Name of publisher, distributor, etc. United Nations Environment Programme (UNEP),
Date of publication, distribution, etc. 2001.
300 ## - PHYSICAL DESCRIPTION
Extent v., 83 p. :
Other physical details ill. ;
Dimensions 21 cm.
504 ## - BIBLIOGRAPHY, ETC. NOTE
Bibliography, etc. note Includes bibliographical references.
650 #0 - SUBJECT ADDED ENTRY--TOPICAL TERM
Topical term or geographic name entry element Renewable energy sources
Geographic subdivision Africa.
700 ## - ADDED ENTRY--PERSONAL NAME
Personal name United Nations Environment Programme (UNEP)
907 ## - LOCAL DATA ELEMENT G, LDG (RLIN)
a .b10180965
b 24-09-15
c 08-11-05
942 ## - ADDED ENTRY ELEMENTS (KOHA)
Koha item type Ordinary Loan Books
Call number prefix TJ808
Call number suffix REN
Holdings
Date last seen Total Checkouts Full call number Barcode Cost, replacement price Price effective from Koha item type Lost status Source of classification or shelving scheme Damaged status Not for loan Collection Withdrawn status Home library Current library Shelving location Date acquired Cost, normal purchase price
01/23/2023 3 TJ808 UNI 92003017497 80.00 01/23/2023 BOOKS   LCC     NFIC   MAIN MAIN GEN 01/23/2023 80.00